Harry Potter: la Caverne de l'Horcruxe - Statistiques

Statistiques générales
  • Ce quiz a été pris 90 fois
  • Le résultat moyen est 4 sur 5
Statistiques - réponses
Information Réponses % Correct
Dernière mention Harry Potter et les Reliques de la Mort
99%
Première apparition Harry Potter et le Prince de Sang-Mêlé
97%
Objet caché Médaillon de Salazar Serpentard
96%
Pays Royaume Uni
92%
"Résidents" Inferi
64%
Aucun quiz correspondant
Distribution des résultats
% des personnes avec chaque résultat
Percentile par nombre de réponses
Votre historique - résultats
Vous n’avez pas pris ce quiz